000 00665nam a2200205 i 4500
001 23095
003 ES-MaACL
005 20250730063050.0
007 t|
008 021209s1964 sp af |||| | spa d
100 1 _aÁlvarez, Arturo,
_d1928-
_9169371
245 1 0 _aGuadalupe
_b: arte, historia y devoción mariana /
_cArturo Álvarez ; prólogo de Pedro de Lorenzo.
260 _aMadrid :
_bStudium,
_c[1964]
300 _a362 p., 9 lám. col. :
_bil. ;
_c24 cm.
610 2 4 _aMonasterio de Guadalupe.
_9145507
650 4 _aArte-
_zGuadalupe.
_9169372
700 1 _aLorenzo, Pedro de.
_974161
852 _aES-MaACL
_jB-13737
999 _c23095
_d23095